اليابان
محفوظ في:
المؤلف الرئيسي:
مؤلفون آخرون:
التنسيق: كتاب
اللغة: Undetermined
منشور في:
Miṣr
Dār al-Maʻārif bi-Misr
1966
سلاسل:
مجموعة شعوب العالم 1
الوسوم: إضافة وسم
لا توجد وسوم, كن أول من يضع وسما على هذه التسجيلة!
رقم الطلب: O80 GAWH
| LEADER | 00504nam a2200169Ia 4500 | ||
|---|---|---|---|
| 008 | 240404s9999||||xx |||||||||||||| ||und|| | ||
| 050 | 4 | |a O80 GAWH | |
| 100 | 1 | |a حسن محمد جوهر. | |
| 245 | 1 | 0 | |a اليابان |c حسن محمد جوهر |
| 264 | 1 | |a Miṣr |b Dār al-Maʻārif bi-Misr |c 1966 | |
| 300 | |a 128 |c 18 | ||
| 490 | 0 | |a مجموعة شعوب العالم 1 | |
| 500 | |a Arab Union Catalog | ||
| 500 | |a Arabic | ||
| 700 | 1 | |a محمد الحنفى شمس الدين. | |
| 942 | |2 lcc |c BK | ||
| 999 | |c 58081 |d 58081 | ||
